00000000nam##2200000za#4500
0019.574035
003CaOODSP
00520210624184004
007cr |||||||||||
008150406|1995||||xxc|||||o    f|0| 0 eng|d
022 |a1488-5379
040 |aCaOODSP|beng
043 |an-cn---
0861 |aFs97-6/2023E-PDF
1101 |aCanada. |bDepartment of Fisheries and Oceans.
24510|aEffects of dredging on egg to fry emergence survival, timing and juvenile Atlantic salmon abundance, Debert River, Nova Scotia / |h[electronic resource]|cby J. R. Semple, P. J. Zemora and R. J. Rutherford.
260 |aHalifax - Nova Scotia : |bFisheries and Oceans Canada |cFebruary 1995.
300 |a44p.|bgraphs, map, references, tables
4901 |aCanadian technical report of fisheries and aquatic sciences|x1488-5379|vNo. 2023
500 |aThe catalogue number (Fs97-6/2023E) and ISSN (0706-6457) for the print edition have been incorrectly copied in this electronic publication.
546 |a(Résumé en français.)
590 |a12-22-Supp|b2012-05-24
7201 |aRutherford, R.J.
7201 |aSemple, J.R.
7201 |aZamora, P.J.
7760#|tEffects of dredging on egg to fry emergence survival, timing and juvenile Atlantic salmon abundance, Debert River, Nova Scotia / |w(CaOODSP)9.612509
830#0|aCanadian technical report of fisheries and aquatic sciences,|x1488-5379|vNo. 2023|w(CaOODSP)9.504449
85640|ahttp://publications.gc.ca|qPDF|s694 KB|uhttps://publications.gc.ca/collections/collection_2012/mpo-dfo/Fs97-6-2023-eng.pdf|yNo. 2023